| 000 | 00415nam a22001697a 4500 | ||
|---|---|---|---|
| 003 | MPLRDC | ||
| 005 | 20220104143733.0 | ||
| 008 | 210129b ||||| |||| 00| 0 eng d | ||
| 082 | _a220.8 DBY v.2 c.2 | ||
| 100 | _a吴一正著 | ||
| 245 |
_a空: 智慧神通空的威力 _c |
||
| 260 |
_a _b环宇出版社 _c |
||
| 300 | _b平 | ||
| 490 | _a第八意识文库;2 | ||
| 650 | _a | ||
| 942 |
_cBK _o220.8 DBY v.2 c.2 |
||
| 999 |
_c42841 _d42831 |
||